| Поле | Название | Значение |
| |
Тип записи |
a |
| |
Библиографический уровень |
m |
| 001 |
Контрольный номер |
RU/URAIT/588711 |
| 005 |
Дата корректировки |
20260429163658.8 |
| 008 |
Кодируемые данные |
260429s2026 RU y f j 000 0 rus u |
| 020 |
Индекс ISBN |
__ |
| a |
ISBN |
978-5-534-14317-1 |
| c |
Цена, тираж |
2059.00 |
| 040 |
Источник каталогиз. |
__ |
| a |
Служба первич. каталог. |
ИКО Юрайт |
| c |
Служба, преобразующая запись |
ИКО Юрайт |
| e |
Правила каталог. |
RCR |
| 041 |
Код языка издания |
__ |
| a |
Код языка текста |
rus |
| 044 |
Код страны публикации |
__ |
| a |
Код страны публикации |
RU |
| 080 |
Индекс УДК |
__ |
| a |
Индекс УДК |
349.4(075.8) |
| 084 |
Индекс другой классификации/Индекс ББК |
__ |
| 2 |
Источник индекса |
rubbk |
| a |
Индекс другой классификации/Индекс ББК |
67.407.1я73 |
| 100 |
Автор |
__ |
| a |
Автор |
Сапёров С. А. |
| q |
Полное имя |
Сапёров Сергей Анатольевич |
| 245 |
Заглавие |
__ |
| a |
Заглавие |
Правовое регулирование земельных и градостроительных отношений. Оборот и использование недвижимости |
| b |
Продолж. заглавия |
учебник для вузов |
| c |
Ответственность |
С. А. Сапёров. |
| 256 |
Характеристики компьютерного файла |
__ |
| a |
Характеристики компьютерного файла |
Электрон. дан. |
| 260 |
Выходные данные |
__ |
| a |
Место издания |
Москва |
| b |
Издательство |
Юрайт |
| c |
Дата издания |
2026 |
| 300 |
Физическое описание |
__ |
| a |
Объем |
394 с |
| 440 |
Серия |
__ |
| a |
Серия |
Высшее образование |
| 500 |
Примечания |
__ |
| a |
Примечание |
URL: https://urait.ru/bcode/588711 (дата обращения: 29.04.2026). |
| 520 |
Аннотация |
__ |
| a |
Аннотация |
В учебном пособии системно рассматриваются практические правовые вопросы, связанные с землеустройством и строительством, представлены обоснованные необходимыми ссылками на нормативные документы определения наиболее важных институтов и понятий. Книга предназначена для юристов, специализирующихся в земельном и градостроительном праве, а также для студентов юридических специальностей. |
| 538 |
Прим. о системных особенностях |
__ |
| a |
Прим. о системных особенностях |
Режим доступа: Электронно-библиотечная система Юрайт, для авториз. пользователей |
| 653 |
Ключевые слова |
__ |
| a |
Ключевые слова |
Земельное право. Экологическое право |
| 653 |
Ключевые слова |
__ |
| a |
Ключевые слова |
Юридические науки |
| 653 |
Ключевые слова |
__ |
| a |
Ключевые слова |
Земельный кадастр и сертификация почв |
| 653 |
Ключевые слова |
__ |
| a |
Ключевые слова |
Правовое обеспечение землеустройства и кадастров |
| 653 |
Ключевые слова |
__ |
| a |
Ключевые слова |
Градостроительное право |
| 653 |
Ключевые слова |
__ |
| a |
Ключевые слова |
Особенности рассмотрения и разрешения споров, возникающих из правоотношений строительного подряда |
| 653 |
Ключевые слова |
__ |
| a |
Ключевые слова |
Правовое регулирование оборота земельных долей и земельных участков сельскохозяйственного назначения |
| 653 |
Ключевые слова |
__ |
| a |
Ключевые слова |
Правовой режим земель и земельных участков |
| 653 |
Ключевые слова |
__ |
| a |
Ключевые слова |
Сделки с земельными участками |
| 653 |
Ключевые слова |
__ |
| a |
Ключевые слова |
Основы инженерных изысканий |
| 653 |
Ключевые слова |
__ |
| a |
Ключевые слова |
Правовое регулирование земельных отношений в субъектах Российской Федерации |
| 653 |
Ключевые слова |
__ |
| a |
Ключевые слова |
Правовые проблемы реализации прав на земельные участки |
| 653 |
Ключевые слова |
__ |
| a |
Ключевые слова |
Спецкурс по градостроительному законодательству |
| 653 |
Ключевые слова |
__ |
| a |
Ключевые слова |
Нормативно-правовые акты, регламентирующие деятельность строительного предприятия |
| 653 |
Ключевые слова |
__ |
| a |
Ключевые слова |
Основные нормативно-правовые акты при строительстве |
| 653 |
Ключевые слова |
__ |
| a |
Ключевые слова |
Правовое регулирование оборота земельных участков |
| 653 |
Ключевые слова |
__ |
| a |
Ключевые слова |
Правовое регулирование организации, управления и контроля строительной деятельностью |
| 653 |
Ключевые слова |
__ |
| a |
Ключевые слова |
Правовые основы архитектурно-градостроительной деятельности (включая защиту авторских прав и авторский надзор в строительстве) |
| 653 |
Ключевые слова |
__ |
| a |
Ключевые слова |
Правовые основы архитектурно-градостроительной деятельности |
| 653 |
Ключевые слова |
__ |
| a |
Ключевые слова |
Нормативно-правовое сопровождение строительства и экспертиза проектной документации |
| 653 |
Ключевые слова |
__ |
| a |
Ключевые слова |
Инженерные изыскания в строительстве |
| 653 |
Ключевые слова |
__ |
| a |
Ключевые слова |
Правовое регулирование строительства. Коррупционные риски |
| 653 |
Ключевые слова |
__ |
| a |
Ключевые слова |
Инженерные изыскания |
| 653 |
Ключевые слова |
__ |
| a |
Ключевые слова |
Кадастр и оценка земельной собственности |
| 653 |
Ключевые слова |
__ |
| a |
Ключевые слова |
Правовое регулирование сферы руководства и организации в строительстве |
| 653 |
Ключевые слова |
__ |
| a |
Ключевые слова |
Кадастры в градостроительстве |
| 653 |
Ключевые слова |
__ |
| a |
Ключевые слова |
Оценка земли |
| 653 |
Ключевые слова |
__ |
| a |
Ключевые слова |
Правовые основы оценки земель |
| 653 |
Ключевые слова |
__ |
| a |
Ключевые слова |
Нормативно-правовое регулирование в инвестиционно-строительной сфере |
| 653 |
Ключевые слова |
__ |
| a |
Ключевые слова |
Нормативно-правовое регулирование деятельности в строительстве |
| 653 |
Ключевые слова |
__ |
| a |
Ключевые слова |
Нормативно-правовое регулирование инвестиционно-строительной деятельности |
| 653 |
Ключевые слова |
__ |
| a |
Ключевые слова |
Нормативно-правовое обеспечение в строительстве |
| 653 |
Ключевые слова |
__ |
| a |
Ключевые слова |
Правовое регулирование земельных и градостроительных отношений |
| 653 |
Ключевые слова |
__ |
| a |
Ключевые слова |
Право в строительстве |
| 653 |
Ключевые слова |
__ |
| a |
Ключевые слова |
Правовые аспекты в градостроительстве |
| 653 |
Ключевые слова |
__ |
| a |
Ключевые слова |
Основы земельного кадастра |
| 653 |
Ключевые слова |
__ |
| a |
Ключевые слова |
Земельный кадастр |
| 653 |
Ключевые слова |
__ |
| a |
Ключевые слова |
Оценка земельных участков |
| 653 |
Ключевые слова |
__ |
| a |
Ключевые слова |
Основы права и основы законодательства в строительстве |
| 653 |
Ключевые слова |
__ |
| a |
Ключевые слова |
Правовое регулирование земельных отношений |
| 653 |
Ключевые слова |
__ |
| a |
Ключевые слова |
Нормативное правовое и техническое регулирование строительной деятельности |
| 653 |
Ключевые слова |
__ |
| a |
Ключевые слова |
Градостроительный кодекс и правовое регулирование |
| 653 |
Ключевые слова |
__ |
| a |
Ключевые слова |
Кадастр и оборот земельной собственности |
| 653 |
Ключевые слова |
__ |
| a |
Ключевые слова |
Проблемы правового регулирования земельных отношений |
| 653 |
Ключевые слова |
__ |
| a |
Ключевые слова |
Оценка стоимости земельных участков |
| 653 |
Ключевые слова |
__ |
| a |
Ключевые слова |
Изучение архитектурно-градостроительных традиций регионов России |
| 653 |
Ключевые слова |
__ |
| a |
Ключевые слова |
Правовое регулирование строительства |
| 653 |
Ключевые слова |
__ |
| a |
Ключевые слова |
Нормативно-правовое регулирование в строительстве |
| 653 |
Ключевые слова |
__ |
| a |
Ключевые слова |
Экологическое, земельное и градостроительное право |
| 653 |
Ключевые слова |
__ |
| a |
Ключевые слова |
Сертификация и кадастровая оценка почв и грунтов |
| 653 |
Ключевые слова |
__ |
| a |
Ключевые слова |
Нормативно-правовое регулирование строительной деятельности |
| 653 |
Ключевые слова |
__ |
| a |
Ключевые слова |
Основы строительного права |
| 653 |
Ключевые слова |
__ |
| a |
Ключевые слова |
Регламентация архитектурной деятельности |
| 653 |
Ключевые слова |
__ |
| a |
Ключевые слова |
Правовое регулирование и ответственность в сфере градостроительства |
| 653 |
Ключевые слова |
__ |
| a |
Ключевые слова |
Правовое регулирование учета земельных участков и прав на них |
| 653 |
Ключевые слова |
__ |
| a |
Ключевые слова |
Градостроительный кадастр |
| 653 |
Ключевые слова |
__ |
| a |
Ключевые слова |
Нормативы и юридические основы проектирования зданий |
| 653 |
Ключевые слова |
__ |
| a |
Ключевые слова |
Организационно-правовые вопросы производства ремонтно-строительных работ |
| 653 |
Ключевые слова |
__ |
| a |
Ключевые слова |
Инновационные стратегии в современном архитектурно-градостроительном комплексе |
| 653 |
Ключевые слова |
__ |
| a |
Ключевые слова |
Нормативно-техническая и правовая база при проектировании в строительстве |
| 653 |
Ключевые слова |
__ |
| a |
Ключевые слова |
Урбанистические тенденции в градостроительстве |
| 653 |
Ключевые слова |
__ |
| a |
Ключевые слова |
Современные архитектурно-градостроительные теории и методы проектирования |
| 653 |
Ключевые слова |
__ |
| a |
Ключевые слова |
Нормативно-правовое регулирование порядка использования территорий и водных объектов |
| 653 |
Ключевые слова |
__ |
| a |
Ключевые слова |
Правовые основы и управление строительными проектами |
| 653 |
Ключевые слова |
__ |
| a |
Ключевые слова |
Земельные отношения и землеустройство |
| 653 |
Ключевые слова |
__ |
| a |
Ключевые слова |
Правовое регулирование застройки земель |
| 653 |
Ключевые слова |
__ |
| a |
Ключевые слова |
Нормативно-правовое обеспечение проектирования |
| 653 |
Ключевые слова |
__ |
| a |
Ключевые слова |
Нормативно-правовое обеспечение строительства |
| 653 |
Ключевые слова |
__ |
| a |
Ключевые слова |
Нормативно-правовое регулирование строительных работ |
| 653 |
Ключевые слова |
__ |
| a |
Ключевые слова |
Нормативно-правовые основы проектирования |
| 653 |
Ключевые слова |
__ |
| a |
Ключевые слова |
Правовое обеспечение строительного производства, экспертиза проектно-сметной документации |
| 653 |
Ключевые слова |
__ |
| a |
Ключевые слова |
Строительное право |
| 653 |
Ключевые слова |
__ |
| a |
Ключевые слова |
Правовое обеспечение в строительном комплексе |
| 653 |
Ключевые слова |
__ |
| a |
Ключевые слова |
Актуальные проблемы экологического права, земельно-имущественных отношений и градостроительной деятельности |
| 653 |
Ключевые слова |
__ |
| a |
Ключевые слова |
Правовое регулирование в сфере энергетики и строительства |
| 653 |
Ключевые слова |
__ |
| a |
Ключевые слова |
Правовое регулирование деятельности юридических лиц в земельных правоотношениях |
| 653 |
Ключевые слова |
__ |
| a |
Ключевые слова |
Правовое регулирование строительства энергетических объектов |
| 653 |
Ключевые слова |
__ |
| a |
Ключевые слова |
Методология и методика архитектурных и градостроительных исследований |
| 653 |
Ключевые слова |
__ |
| a |
Ключевые слова |
Нормативно-правовые аспекты архитектурно-градостроительной деятельности |
| 653 |
Ключевые слова |
__ |
| a |
Ключевые слова |
Нормативные и правовые акты в строительстве |
| 653 |
Ключевые слова |
__ |
| a |
Ключевые слова |
Основы градостроительного кадастра |
| 653 |
Ключевые слова |
__ |
| a |
Ключевые слова |
Правовые основы в строительстве |
| 653 |
Ключевые слова |
__ |
| a |
Ключевые слова |
Нормативно-правовое регулирование в сфере строительства |
| 653 |
Ключевые слова |
__ |
| a |
Ключевые слова |
Правовые аспекты инновационного строительства |
| 856 |
Электронный адрес документа |
40 |
| n |
Местонахождение сервера |
Юрайт |
| g |
|
Электронная книга |
| q |
Тип электронного формата |
html |
| h |
Имя пользователя |
ЮРАЙТ |
| v |
Часы доступа к ресурсу |
20271231 |
| 2 |
Способ доступа |
Показать документ |
| x |
Служебное примечание |
https://urait.ru/book/cover/C934E3EE-BEBB-4B61-AC89-B1A859D78DF0 |
| u |
URL |
https://urait.ru/bcode/588711 |
| 856 |
Электронный адрес документа |
48 |
| q |
Тип электронного формата |
cover |
| u |
URL |
https://urait.ru/book/cover/C934E3EE-BEBB-4B61-AC89-B1A859D78DF0 |
| 911 |
|
__ |
| u |
|
0030=https://urait.ru/bcode/588711 |
| 911 |
|
__ |
| u |
|
073a=9785534143171 |
| u |
|
073d=2059.00 |
| 911 |
|
__ |
| u |
|
106a=s |
| 911 |
|
__ |
| u |
|
900l= |
| 952 |
Тип литературы |
__ |
| i |
Дисциплина |
Земельный кадастр и сертификация почв |
| 952 |
Тип литературы |
__ |
| i |
Дисциплина |
Правовое обеспечение землеустройства и кадастров |
| 952 |
Тип литературы |
__ |
| i |
Дисциплина |
Градостроительное право |
| 952 |
Тип литературы |
__ |
| i |
Дисциплина |
Особенности рассмотрения и разрешения споров, возникающих из правоотношений строительного подряда |
| 952 |
Тип литературы |
__ |
| i |
Дисциплина |
Правовое регулирование оборота земельных долей и земельных участков сельскохозяйственного назначения |
| 952 |
Тип литературы |
__ |
| i |
Дисциплина |
Правовой режим земель и земельных участков |
| 952 |
Тип литературы |
__ |
| i |
Дисциплина |
Сделки с земельными участками |
| 952 |
Тип литературы |
__ |
| i |
Дисциплина |
Основы инженерных изысканий |
| 952 |
Тип литературы |
__ |
| i |
Дисциплина |
Правовое регулирование земельных отношений в субъектах Российской Федерации |
| 952 |
Тип литературы |
__ |
| i |
Дисциплина |
Правовые проблемы реализации прав на земельные участки |
| 952 |
Тип литературы |
__ |
| i |
Дисциплина |
Спецкурс по градостроительному законодательству |
| 952 |
Тип литературы |
__ |
| i |
Дисциплина |
Нормативно-правовые акты, регламентирующие деятельность строительного предприятия |
| 952 |
Тип литературы |
__ |
| i |
Дисциплина |
Основные нормативно-правовые акты при строительстве |
| 952 |
Тип литературы |
__ |
| i |
Дисциплина |
Правовое регулирование оборота земельных участков |
| 952 |
Тип литературы |
__ |
| i |
Дисциплина |
Правовое регулирование организации, управления и контроля строительной деятельностью |
| 952 |
Тип литературы |
__ |
| i |
Дисциплина |
Правовые основы архитектурно-градостроительной деятельности (включая защиту авторских прав и авторский надзор в строительстве) |
| 952 |
Тип литературы |
__ |
| i |
Дисциплина |
Правовые основы архитектурно-градостроительной деятельности |
| 952 |
Тип литературы |
__ |
| i |
Дисциплина |
Нормативно-правовое сопровождение строительства и экспертиза проектной документации |
| 952 |
Тип литературы |
__ |
| i |
Дисциплина |
Инженерные изыскания в строительстве |
| 952 |
Тип литературы |
__ |
| i |
Дисциплина |
Правовое регулирование строительства. Коррупционные риски |
| 952 |
Тип литературы |
__ |
| i |
Дисциплина |
Инженерные изыскания |
| 952 |
Тип литературы |
__ |
| i |
Дисциплина |
Кадастр и оценка земельной собственности |
| 952 |
Тип литературы |
__ |
| i |
Дисциплина |
Правовое регулирование сферы руководства и организации в строительстве |
| 952 |
Тип литературы |
__ |
| i |
Дисциплина |
Кадастры в градостроительстве |
| 952 |
Тип литературы |
__ |
| i |
Дисциплина |
Оценка земли |
| 952 |
Тип литературы |
__ |
| i |
Дисциплина |
Правовые основы оценки земель |
| 952 |
Тип литературы |
__ |
| i |
Дисциплина |
Нормативно-правовое регулирование в инвестиционно-строительной сфере |
| 952 |
Тип литературы |
__ |
| i |
Дисциплина |
Нормативно-правовое регулирование деятельности в строительстве |
| 952 |
Тип литературы |
__ |
| i |
Дисциплина |
Нормативно-правовое регулирование инвестиционно-строительной деятельности |
| 952 |
Тип литературы |
__ |
| i |
Дисциплина |
Нормативно-правовое обеспечение в строительстве |
| 952 |
Тип литературы |
__ |
| i |
Дисциплина |
Правовое регулирование земельных и градостроительных отношений |
| 952 |
Тип литературы |
__ |
| i |
Дисциплина |
Право в строительстве |
| 952 |
Тип литературы |
__ |
| i |
Дисциплина |
Правовые аспекты в градостроительстве |
| 952 |
Тип литературы |
__ |
| i |
Дисциплина |
Основы земельного кадастра |
| 952 |
Тип литературы |
__ |
| i |
Дисциплина |
Земельный кадастр |
| 952 |
Тип литературы |
__ |
| i |
Дисциплина |
Оценка земельных участков |
| 952 |
Тип литературы |
__ |
| i |
Дисциплина |
Основы права и основы законодательства в строительстве |
| 952 |
Тип литературы |
__ |
| i |
Дисциплина |
Правовое регулирование земельных отношений |
| 952 |
Тип литературы |
__ |
| i |
Дисциплина |
Нормативное правовое и техническое регулирование строительной деятельности |
| 952 |
Тип литературы |
__ |
| i |
Дисциплина |
Градостроительный кодекс и правовое регулирование |
| 952 |
Тип литературы |
__ |
| i |
Дисциплина |
Кадастр и оборот земельной собственности |
| 952 |
Тип литературы |
__ |
| i |
Дисциплина |
Проблемы правового регулирования земельных отношений |
| 952 |
Тип литературы |
__ |
| i |
Дисциплина |
Оценка стоимости земельных участков |
| 952 |
Тип литературы |
__ |
| i |
Дисциплина |
Изучение архитектурно-градостроительных традиций регионов России |
| 952 |
Тип литературы |
__ |
| i |
Дисциплина |
Правовое регулирование строительства |
| 952 |
Тип литературы |
__ |
| i |
Дисциплина |
Нормативно-правовое регулирование в строительстве |
| 952 |
Тип литературы |
__ |
| i |
Дисциплина |
Экологическое, земельное и градостроительное право |
| 952 |
Тип литературы |
__ |
| i |
Дисциплина |
Сертификация и кадастровая оценка почв и грунтов |
| 952 |
Тип литературы |
__ |
| i |
Дисциплина |
Нормативно-правовое регулирование строительной деятельности |
| 952 |
Тип литературы |
__ |
| i |
Дисциплина |
Основы строительного права |
| 952 |
Тип литературы |
__ |
| i |
Дисциплина |
Регламентация архитектурной деятельности |
| 952 |
Тип литературы |
__ |
| i |
Дисциплина |
Правовое регулирование и ответственность в сфере градостроительства |
| 952 |
Тип литературы |
__ |
| i |
Дисциплина |
Правовое регулирование учета земельных участков и прав на них |
| 952 |
Тип литературы |
__ |
| i |
Дисциплина |
Градостроительный кадастр |
| 952 |
Тип литературы |
__ |
| i |
Дисциплина |
Нормативы и юридические основы проектирования зданий |
| 952 |
Тип литературы |
__ |
| i |
Дисциплина |
Организационно-правовые вопросы производства ремонтно-строительных работ |
| 952 |
Тип литературы |
__ |
| i |
Дисциплина |
Инновационные стратегии в современном архитектурно-градостроительном комплексе |
| 952 |
Тип литературы |
__ |
| i |
Дисциплина |
Нормативно-техническая и правовая база при проектировании в строительстве |
| 952 |
Тип литературы |
__ |
| i |
Дисциплина |
Урбанистические тенденции в градостроительстве |
| 952 |
Тип литературы |
__ |
| i |
Дисциплина |
Современные архитектурно-градостроительные теории и методы проектирования |
| 952 |
Тип литературы |
__ |
| i |
Дисциплина |
Нормативно-правовое регулирование порядка использования территорий и водных объектов |
| 952 |
Тип литературы |
__ |
| i |
Дисциплина |
Правовые основы и управление строительными проектами |
| 952 |
Тип литературы |
__ |
| i |
Дисциплина |
Земельные отношения и землеустройство |
| 952 |
Тип литературы |
__ |
| i |
Дисциплина |
Правовое регулирование застройки земель |
| 952 |
Тип литературы |
__ |
| i |
Дисциплина |
Нормативно-правовое обеспечение проектирования |
| 952 |
Тип литературы |
__ |
| i |
Дисциплина |
Нормативно-правовое обеспечение строительства |
| 952 |
Тип литературы |
__ |
| i |
Дисциплина |
Нормативно-правовое регулирование строительных работ |
| 952 |
Тип литературы |
__ |
| i |
Дисциплина |
Нормативно-правовые основы проектирования |
| 952 |
Тип литературы |
__ |
| i |
Дисциплина |
Правовое обеспечение строительного производства, экспертиза проектно-сметной документации |
| 952 |
Тип литературы |
__ |
| i |
Дисциплина |
Строительное право |
| 952 |
Тип литературы |
__ |
| i |
Дисциплина |
Правовое обеспечение в строительном комплексе |
| 952 |
Тип литературы |
__ |
| i |
Дисциплина |
Актуальные проблемы экологического права, земельно-имущественных отношений и градостроительной деятельности |
| 952 |
Тип литературы |
__ |
| i |
Дисциплина |
Правовое регулирование в сфере энергетики и строительства |
| 952 |
Тип литературы |
__ |
| i |
Дисциплина |
Правовое регулирование деятельности юридических лиц в земельных правоотношениях |
| 952 |
Тип литературы |
__ |
| i |
Дисциплина |
Правовое регулирование строительства энергетических объектов |
| 952 |
Тип литературы |
__ |
| i |
Дисциплина |
Методология и методика архитектурных и градостроительных исследований |
| 952 |
Тип литературы |
__ |
| i |
Дисциплина |
Нормативно-правовые аспекты архитектурно-градостроительной деятельности |
| 952 |
Тип литературы |
__ |
| i |
Дисциплина |
Нормативные и правовые акты в строительстве |
| 952 |
Тип литературы |
__ |
| i |
Дисциплина |
Основы градостроительного кадастра |
| 952 |
Тип литературы |
__ |
| i |
Дисциплина |
Правовые основы в строительстве |
| 952 |
Тип литературы |
__ |
| i |
Дисциплина |
Нормативно-правовое регулирование в сфере строительства |
| 952 |
Тип литературы |
__ |
| i |
Дисциплина |
Правовые аспекты инновационного строительства |